000 03208cam a22012014i 4500
003 PE-LiUPU
005 20250813185558.0
008 150706s r 000 0 d
020 _a9789972234613
035 _a(Sirsi) i9789972234613
040 _aPE-LiUPU
_bspa
_cPE-LiUPU
_erda
049 _aPRUA
082 0 4 _a343.81
_bA68
_221
100 1 _aArévalo Mogollón, Jorge,
_eautor.
245 1 0 _aFiscalización y procedimiento contencioso tributario /
_cJorge Arévalo Mogollón.
264 1 _aLima :
_bInstituto Pacífico,
_c2010.
300 _a311 páginas :
_bilustraciones,gráficos ;
_c24 centímetros
336 _atext
_2rdacontent
337 _aunmediated
_2rdamedia
338 _avolume
_2rdacarrier
504 _aIncluye referencias bibliográficas.
505 0 _aPrincipios y garantías de los procedimientos tributarios -- Validez, nulidad y correcta notificación de los actos tributarios -- Los procedimientos de recaudación voluntaria e inducida -- El procedimiento de fiscalización -- El procedimiento sancionador -- El procedimiento contencioso-tributario -- El procedimiento de cobranza coactiva -- Procedimientos no contenciosos -- El mal llamado recurso de queja.
526 _aP202
526 _aP201
526 _aP163
526 _aP162
526 _aP161
526 _aP160
526 _aP148
526 _aP147
526 _aP146
526 _aP145
526 _aP144
526 _aP143
526 _aP142
526 _aP141
526 _aP140
526 _aP139
526 _aP138
526 _aP137
526 _aP136
526 _aP135
526 _aP134
526 _aP133
526 _aP129
526 _aP128
526 _aP127
526 _aP120
526 _aP119
526 _aP118
526 _aP116
526 _aP115
526 _aP114
526 _aP110
526 _aP109
526 _aP108
526 _aP104
526 _aP103
526 _aP102
526 _aP99
526 _aP98
526 _aP97
526 _aP96
526 _aP95
526 _aP93
526 _aP90
526 _aP89
526 _aP88
526 _aP83
526 _aP82
526 _aP62
526 _aP59
526 _aP58
526 _aP57
526 _aP51
526 _aP49
526 _aP48
526 _aP47
526 _aP29
526 _aP24
526 _aP20
526 _aP19
526 _aP17
526 _aP15
526 _aP14
526 _aP12
526 _aP10
526 _aP09
526 _aP08
526 _aP07
526 _aP06
526 _aP05
526 _aP04
526 _aP01
650 0 4 _aAdministración tributaria
_zPerú.
650 0 4 _aDerecho tributario
_zPerú.
650 0 4 _aEmpresas
_xAuditoría.
650 0 4 _aImpuestos
_xAspectos legales
_zPerú.
_94239
942 _2ddc
_cBOOK
949 _a343.8.1 A68
_wDEWEY
_c1
_i62031
_d2015-10-13
_e2015-10-12
_lCCODEBUL1
_mBUL
_n2
_p15.00
_r0
_sY
_tBOOK
_u2015-7-6
_xEDUCACION
_zUNKNOWN
_0COMPRA
_o.STAFF. Colección General
999 _c51147
_d51147
980 _81
_gALBERTO SANCHEZ Responsable de Automatización